| 000 | 01077nam a22002177a 4500 | ||
|---|---|---|---|
| 999 |
_c57238 _d57238 |
||
| 003 | Ge_BSU | ||
| 005 | 20200127111414.0 | ||
| 008 | 200127s1997 ||||| |||| 00| 0 geo d | ||
| 041 | _ageo | ||
| 080 | _a342.4(450) + 329(450) ბ-50 | ||
| 100 |
_aბეჟიტაშვილი, ოთარ. _95320 |
||
| 245 |
_aიტალიის სახელმწიფო სისტემა / _cოთარ ბეჟიტაშვილი ; ოთარ მელქაძე . |
||
| 264 |
_aთბილისი : _bუფლება, _c1997. |
||
| 300 |
_a161 გვ. ; _c20 სმ. |
||
| 440 |
_aპოლიტიკურ-სამართლებრივი ლიტ. სერია. წ. 6 _96382 |
||
| 653 | _aსამართალი | ||
| 653 | _aპოლიტიკური პარტიები და მოძრაობები | ||
| 700 |
_a მელქაძე, ოთარ _96383 |
||
| 710 |
_eმსოფლიო პარლამენტარიზმის კვლევ. ცენტრი _96384 |
||
| 942 |
_2udc _cBK |
||